WWE finishery cz.2 - Statystyki

Ogólne statystyki
  • Ten quiz został rozwiązany 407 razy
  • Średni wynik to 11 z 15
Statystyki odpowiedzi
Finisher Wrestler % Poprawnych
Rock Bottom The Rock
98%
F-5 Brock Lesnar
97%
Chokeslam Kane
96%
Zig Zag Dolph Ziggler
90%
Trouble in Paradise Kofi Kingston
88%
Kinshasa Shinsuke Nakamura
87%
Sweet Chin Music Shawn Michaels
85%
Dirty Deeds Dean Ambrose
82%
Go To Sleep CM Punk
77%
STF John Cena
73%
Running Knee Daniel Bryan
69%
Black Mass Aleister Black
68%
Red Arrow Neville
50%
Mandile Claw "The Fiend" Bray Wyatt
46%
The Purple RainMaker Velveteen Dream
24%
Nie znaleziono quizów pasujących do podanych kryteriów
Rozkład punktacji
Procent ludzi z każdym wynikiem
Percentyl według liczby udzielonych odpowiedzi
Twoja historia wyników
Nie rozwiązałeś tego quizu